MARC

LEADER 00000nam0a2200000 4500
001 54202
005 20231031050339.0
035 |a (RuTPU)RU\TPU\book\56817 
090 |a 54202 
100 |a 20030702d1974 km y0rusy50 ca 
101 0 |a rus 
102 |a RU 
105 |a a z 001zy 
200 1 |a Транзисторные усилители в режиме D  |f И. И. Лившиц 
210 |a Ленинград  |c Энергия  |d 1974 
215 |a 125 с.  |c ил. 
320 |a Библиогр.: с. 122-124 
610 1 |a транзисторные усилители 
610 1 |a усилители с непосредственными связями 
610 1 |a режим D 
610 1 |a применение 
675 |a 621.375.4  |v 3 
700 1 |a Лившиц  |b И. И.  |g Иосиф Исаакович 
801 1 |a RU  |b 63413507  |c 20030702  |g PSBO 
801 2 |a RU  |b 63413507  |c 20210319  |g PSBO 
942 |c BK